Happiness Unravelled / (Record no. 205288)

MARC details
000 -LEADER
fixed length control field 00598 a2200181 4500
010 ## - LCCN (DPL NO)
LC control number ENG-141453
020 ## - INTERNATIONAL STANDARD BOOK NUMBER
International Standard Book Number 9788194909293
Terms of availability 400.00
035 ## - SYSTEM CONTROL NUMBER
System control number EN-124985
037 ## - SOURCE OF ACQUISITION
Source of stock number/acquisition DBAD
082 14 - DEWEY DECIMAL CLASSIFICATION NUMBER
Classification number 158.1
100 ## - MAIN ENTRY--PERSONAL NAME
Personal name Chopra ,R.M.
245 1# - TITLE STATEMENT
Title Happiness Unravelled /
Statement of responsibility, etc Edited by R.M. Chopra
260 ## - PUBLICATION, DISTRIBUTION, ETC. (IMPRINT)
Place of publication, distribution, etc New Delhi
Name of publisher, distributor, etc Anuradha Prakashan
Date of publication, distribution, etc 2020
270 ## - ADDRESS
Address 1193 Pankha Road ,Nangal Raya ,D2A Janakpuri
City New Delhi
Postal code 110046
Telephone number 9213135921
-- 01128520555
Electronic mail address anuradhaprakashan@gmaiiil.com
300 ## - PHYSICAL DESCRIPTION
Extent 128p.:
Dimensions 21cm(Pb)
700 ## - ADDED ENTRY--PERSONAL NAME
9 (RLIN) 70554
942 ## - ADDED ENTRY ELEMENTS (KOHA)
Institution code [OBSOLETE] dpl
Item type English Books
Source of classification or shelving scheme Dewey Decimal Classification
Classification part 158.1
Call number suffix CHO
Holdings
Withdrawn status Lost status Not for loan Collection code Home library Current library Date acquired Source of acquisition Cost, normal purchase price Full call number Barcode Copy number Cost, replacement price Koha item type
      Non-fiction Shahdara Branch Shahdara Branch 27/08/2024 DBAD 400.00 158.1 CHO EN-124985 1 400.00 English Books

© Delhi Public Library
Hit Counter
free hit counter